[Event "ROM-ch U10 Girls"]
[Site "Calimanesti"]
[Date "2018.03.27"]
[Round "1"]
[White "Pomirleanu, Ana Maria"]
[Black "Rata, Eliza"]
[Result "1-0"]
[WhiteElo "1106"]
[BlackElo "1001"]
[PlyCount "83"]
[EventDate "2018.03.27"]
[EventType "swiss"]
[EventRounds "9"]
[EventCountry "ROU"]
[SourceTitle "CBM 183 Extra"]
[Source "ChessBase"]
[SourceDate "2018.04.19"]
[SourceVersion "1"]
[SourceVersionDate "2018.04.19"]
[SourceQuality "1"]

1. e4 Nc6 2. Nf3 e6 3. Nc3 d5 4. exd5 exd5 5. Qe2+ Nge7 6. g3 g6 7. Bg2 Bg7 8. 0-0 0-0 9. d3 Bg4 10. Re1 b6 11. Bg5 f6 12. Bd2 Bxf3 13. Bxf3 Rf7 14. Qe6 Nb4 15. a3 Nxc2 16. Nxd5 Nxd5 17. Bxd5 Qf8 18. Rec1 Nxa1 19. Rxc7 Qe8 20. Qxe8+ Rxe8 21. Bxf7+ Kf8 22. Bxe8 Kxe8 23. Rxg7 Nc2 24. Rxh7 g5 25. Rxa7 b5 26. Rb7 Nd4 27. Be3 Nf3+ 28. Kg2 Ne1+ 29. Kf1 Nxd3 30. Rxb5 Kf7 31. a4 Ne5 32. a5 Nc4 33. a6 Nd6 34. Rb7+ Kg6 35. a7 Nxb7 36. a8Q Nd6 37. Qg8+ Kf5 38. Qh7+ Ke5 39. Qe7+ Kd5 40. Ke2 Kc6 41. Kd3 Kb5 42. Qxd6 1-0

[Event "ROM-ch U08 Girls"]
[Site "Baile Felix"]
[Date "2017.02.04"]
[Round "3"]
[White "Moraru, Ana Alina"]
[Black "Rata, Eliza"]
[Result "1-0"]
[WhiteElo "1001"]
[BlackElo "1037"]
[PlyCount "75"]
[EventDate "2017.02.02"]
[EventType "swiss"]
[EventRounds "9"]
[EventCountry "ROU"]
[SourceTitle "CBM 176 Extra"]
[Source "ChessBase"]
[SourceDate "2017.03.02"]
[SourceVersion "1"]
[SourceVersionDate "2017.03.02"]
[SourceQuality "1"]

1. e4 e5 2. Nf3 Nc6 3. Bc4 Bc5 4. c3 Nf6 5. d3 Ng4 6. 0-0 0-0 7. b4 Bb6 8. a4 a6 9. a5 Ba7 10. h3 Nf6 11. d4 d6 12. b5 axb5 13. Bxb5 Bb6 14. axb6 Rxa1 15. Na3 cxb6 16. Nd2 Be6 17. d5 Bd7 18. dxc6 bxc6 19. Bc4 b5 20. Bb3 Qa8 21. Ndb1 Nxe4 22. Bb2 b4 23. cxb4 Qa7 24. Bxa1 Ng3 25. Re1 e4 26. Bd4 c5 27. bxc5 dxc5 28. Bxc5 Qxc5 29. Qxd7 Nf5 30. Qd1 e3 31. Rf1 Qe5 32. Bc4 Qf4 33. fxe3 Nxe3 34. Rxf4 Nxd1 35. Rf3 Rd8 36. Rxf7 Ne3 37. Rd7+ Kh8 38. Rxd8# 1-0

[Event "ROM-ch U08 Girls"]
[Site "Calimanesti Caciulata"]
[Date "2016.04.21"]
[Round "5"]
[White "Pindaru, Delia Maria"]
[Black "Rata, Eliza"]
[Result "1-0"]
[WhiteElo "1001"]
[BlackElo "1001"]
[PlyCount "49"]
[EventDate "2016.04.18"]
[EventType "swiss"]
[EventRounds "9"]
[EventCountry "ROU"]
[SourceTitle "CBM 172 Extra"]
[Source "ChessBase"]
[SourceDate "2016.06.21"]
[SourceVersion "1"]
[SourceVersionDate "2016.06.21"]
[SourceQuality "1"]

1. e4 e5 2. Nf3 Nf6 3. Nc3 Nc6 4. Bb5 Bc5 5. 0-0 0-0 6. Bxc6 bxc6 7. a3 d6 8. h3 Be6 9. Re1 Bc4 10. d3 Be6 11. Bg5 d5 12. Nxe5 Bd6 13. Nxc6 Qc8 14. e5 Bc5 15. exf6 d4 16. Nxd4 Bxd4 17. Ne4 Bxb2 18. Rb1 Bxa3 19. Qf3 Bb4 20. Rxb4 a5 21. Rd4 g6 22. Qg3 a4 23. Qh4 Re8 24. Qh6 Rd8 25. Qg7# 1-0